000 00257nam a2200109Ia 4500
008 200302s9999 xx 000 0 und d
100 _aTim Benton & Other
245 _aArt Noveau 1890-1902
260 _bThe Open University
260 _c1975
300 _a132 P.,
999 _c546
_d546